| 000 | 00672nam a2200193 a 4500 | ||
|---|---|---|---|
| 001 | 000037169 | ||
| 005 | 20200930080202.0 | ||
| 008 | 120221s1981 mx 000 0 spa d | ||
| 020 | _a9681300173 | ||
| 040 |
_aDO-SdBNP _bspa _cBNPHU |
||
| 082 | _axxxx | ||
| 240 | 0 | 0 |
_aCommon secretarial mistake and how to avonid them _lEspañol |
| 245 | 0 | 0 |
_aLos errores más comunes de las secretarias y formas de evitarlos. / _ctraducción Mario Bracamonte Cantolla. |
| 250 | _a4a ed. | ||
| 260 |
_aMéxico : _bDiana _bCuerpo Editorial de prentice Hall, _c1981. |
||
| 300 |
_a120 p. ; _c22 cm. |
||
| 500 | _aTraduccido del inglés | ||
| 700 | 1 |
_aBracamonte Cantolla, Mario, _etr. _963581 |
|
| 999 |
_c36659 _d36659 |
||